Ville des Vosges par image - Statistiques

Statistiques générales
  • Ce quiz a été pris 252 fois
  • Le résultat moyen est 10 sur 20
Statistiques - réponses
Par images Réponse % Correct
Epinal
98%
Gérardmer
96%
La Bresse
86%
Saint Dié
84%
Remiremont
72%
Fraispertuis
68%
Vittel
64%
Charmes
60%
Neufchateau
54%
Mirecourt
41%
Saulxures sur Moselotte
34%
Bruyères
31%
Plombières les Bains
30%
Châtel sur Moselle
25%
Le Thillot
25%
Bussang
23%
Bains les Bains
17%
Vagney
17%
La Chapelle aux Bois
13%
Rupt sur Moselle
13%
Aucun quiz correspondant
Distribution des résultats
% des personnes avec chaque résultat
Percentile par nombre de réponses
Votre historique - résultats
Vous n’avez pas pris ce quiz